| 000 | 01719cam a22004814i 4500 | ||
|---|---|---|---|
| 003 | PE-LiUPU | ||
| 005 | 20250731184605.0 | ||
| 008 | 150616s r 000 0 d | ||
| 020 | _a1565631382 | ||
| 035 | _a(Sirsi) i9781565631380 | ||
| 040 |
_aPE-LiUPU _bspa _cPE-LiUPU _erda |
||
| 049 | _aPRUA | ||
| 082 | 0 | 4 |
_a956.94 _bE23 _221 |
| 100 | 1 |
_aEdersheim, Alfred, _d1825-1889, _eautor. |
|
| 245 | 1 | 0 |
_aSketches of Jewish Social Life / _cpor el reverendo Dr. Alfred Edersheim. |
| 264 | 1 |
_aMassachusetts : _bHendrickson Publishers, _c1994. |
|
| 300 |
_a307 páginas : _bIlustraciones ; _c23 centímetros |
||
| 336 |
_atext _2rdacontent |
||
| 337 |
_aunmediated _2rdamedia |
||
| 338 |
_avolume _2rdacarrier |
||
| 505 | 0 | _aPalestine eighteen centuries ago -- In Galilee at the timer of our lord -- Jewish homes -- Commerce -- The "fraternity" of pharisees Jewish. | |
| 526 | _aP136 | ||
| 526 | _aP135 | ||
| 526 | _aP134 | ||
| 526 | _aP133 | ||
| 526 | _aP144 | ||
| 526 | _aP143 | ||
| 526 | _aP87 | ||
| 526 | _aP35 | ||
| 526 | _aP20 | ||
| 526 | _aP14 | ||
| 526 | _aP10 | ||
| 526 | _aP06 | ||
| 630 |
_aBiblia. _pN.T. _xCrítica, interpretación, etc. |
||
| 650 | 0 | 4 |
_aJudios _xVida social y costumbres _yA 70 d. de JC. |
| 910 |
_ajck _bjvq _cjck |
||
| 942 |
_2ddc _cBOOK |
||
| 949 |
_a956.94 E23 _wDEWEY _c1 _i40166 _lCCODEBUL1 _mBUL _r0 _sY _tBOOK _u2015-6-16 _xTEOLOGIA _zUNKNOWN _0COMPRA _o.STAFF. Colección General |
||
| 994 |
_aC0 _bPEPRU |
||
| 596 | _a1 | ||
| 999 |
_a956.94 E23 _wDEWEY _c57958 _i40166 _f2021-11-12 _g5 _lCCODEBUL1 _mBUL _r0 _sY _tBOOK _u2015-6-16 _xTEOLOGIA _zUNKNOWN _0COMPRA _o.STAFF. Colección General _d57958 |
||
| 980 |
_81 _gALBERTO SANCHEZ Responsable de Automatización |
||